[Event "Titled Tuesday intern op 04th Jul Late"]
[Site "Chess.com INT"]
[Date "2023.07.04"]
[Round "7"]
[White "Francisco Guecamburu, Candela Be"]
[Black "Weetik, Vjacheslav"]
[Result "0-1"]
[WhiteElo "2352"]
[BlackElo "2423"]
[PlyCount "164"]
[EventDate "2023.07.04"]
[EventType "swiss (blitz)"]
[EventRounds "11"]
[EventCountry "USA"]
[SourceTitle "EXT 2024"]
[Source "ChessBase"]
[SourceDate "2023.10.10"]
[SourceVersion "1"]
[SourceVersionDate "2023.10.10"]
[SourceQuality "1"]

1. e4 c6 2. d4 d5 3. e5 Bf5 4. h4 Qb6 5. g4 Bd7 6. Nc3 Nh6 7. Bxh6 gxh6 8. Rb1 e6 9. Nf3 c5 10. Qd2 cxd4 11. Nxd4 Nc6 12. Nxc6 Bxc6 13. Bg2 Rg8 14. g5 0-0-0 15. Ne2 d4 16. Bxc6 Qxc6 17. Ng3 Be7 18. f4 Kb8 19. Qd3 Qg2 20. a3 hxg5 21. hxg5 Bxg5 22. fxg5 Rxg5 23. Rxh7 Rxg3 24. Qb5 Qg1+ 25. Qf1 Re3+ 26. Kd2 Qg5 27. Qf6 Rxe5+ 28. Qxg5 Rxg5 29. Rxf7 e5 30. Re7 Rc8 31. Rf1 Rg2+ 32. Kd3 Rgxc2 33. Rff7 Rxb2 34. Rxe5 Rb3+ 35. Kxd4 Rxa3 36. Ree7 Rb3 37. Kd5 Rb5+ 38. Kd4 a6 39. Rg7 Rc6 40. Re8+ Ka7 41. Ree7 a5 42. Kd3 a4 43. Re4 Ra6 44. Rgg4 a3 45. Re1 a2 46. Rgg1 Ra3+ 47. Kc4 Rb2 48. Ra1 Ka6 49. Rgc1 b5+ 50. Kc5 Ka5 51. Rf1 Rc2+ 52. Kd4 b4 53. Kd5 Ka4 54. Rf8 Rd3+ 55. Ke4 Rdd2 56. Ra8+ Kb3 57. Ke3 Re2+ 58. Kd3 Red2+ 59. Ke3 Kc4 60. Rc8+ Kb5 61. Rb8+ Kc5 62. Rc8+ Kd6 63. Rd8+ Kc5 64. Rxd2 Rc3+ 65. Rd3 Rc2 66. Rdd1 b3 67. Rd3 Kc4 68. Rdd1 Kc3 69. Rd3+ Kb2 70. Rdd1 Ka3 71. Kd3 Kb2 72. Re1 Rh2 73. Kd4 Rd2+ 74. Ke3 Kc3 75. Rec1+ Rc2 76. Rd1 Kb2 77. Re1 Rh2 78. Kd3 Ka3 79. Red1 b2 80. Rxa2+ Kxa2 81. Rd2 Rxd2+ 82. Kxd2 b1Q 0-1

[Event "Titled Tuesday intern op 04th Jul Late"]
[Site "Chess.com INT"]
[Date "2023.07.04"]
[Round "6"]
[White "Goltsev, Dmitry"]
[Black "Francisco Guecamburu, Candela Be"]
[Result "1/2-1/2"]
[WhiteElo "2244"]
[BlackElo "2352"]
[PlyCount "107"]
[EventDate "2023.07.04"]
[EventType "swiss (blitz)"]
[EventRounds "11"]
[EventCountry "USA"]
[SourceTitle "EXT 2024"]
[Source "ChessBase"]
[SourceDate "2023.10.10"]
[SourceVersion "1"]
[SourceVersionDate "2023.10.10"]
[SourceQuality "1"]

1. e4 c5 2. Nf3 g6 3. d4 cxd4 4. Qxd4 Nf6 5. Nc3 Nc6 6. Qa4 d6 7. e5 dxe5 8. Nxe5 Bg7 9. Nxc6 bxc6 10. Qxc6+ Bd7 11. Qf3 0-0 12. h3 Qc7 13. Be2 Bc6 14. Qg3 Qxg3 15. fxg3 Bxg2 16. Rg1 Bc6 17. Be3 Rfd8 18. g4 Ne4 19. Nxe4 Bxe4 20. c3 Rab8 21. Bc1 a5 22. Kf2 a4 23. Rd1 Rdc8 24. Bd3 Bxd3 25. Rxd3 a3 26. Rb1 Bxc3 27. b3 Bb2 28. Bxb2 Rc2+ 29. Ke3 Rxb2 30. Rxb2 axb2 31. Rd1 Ra8 32. Rb1 Rxa2 33. Kd3 f5 34. gxf5 gxf5 35. Kc3 Kf7 36. b4 Ra3+ 37. Kd4 Rxh3 38. Rxb2 Rh6 39. b5 Rb6 40. Kc5 Rb8 41. Kc6 e5 42. Kc7 Re8 43. b6 f4 44. Rd2 Kf6 45. b7 e4 46. Rd8 Re7+ 47. Rd7 Re8 48. Rd6+ Kf5 49. Rd5+ Kg4 50. Rd8 Re7+ 51. Rd7 Re8 52. Rd8 Re7+ 53. Rd7 Re8 54. Rd8 1/2-1/2

[Event "Titled Tuesday intern op 04th Jul Late"]
[Site "Chess.com INT"]
[Date "2023.07.04"]
[Round "8"]
[White "Lalanne, Pablo"]
[Black "Francisco Guecamburu, Candela Be"]
[Result "0-1"]
[WhiteElo "2208"]
[BlackElo "2352"]
[PlyCount "72"]
[EventDate "2023.07.04"]
[EventType "swiss (blitz)"]
[EventRounds "11"]
[EventCountry "USA"]
[SourceTitle "EXT 2024"]
[Source "ChessBase"]
[SourceDate "2023.10.10"]
[SourceVersion "1"]
[SourceVersionDate "2023.10.10"]
[SourceQuality "1"]

1. e4 c5 2. Nf3 g6 3. d4 cxd4 4. Nxd4 Bg7 5. c4 Nc6 6. Be3 Nf6 7. Nc3 d6 8. Be2 0-0 9. 0-0 Nxd4 10. Bxd4 Bd7 11. Qd2 Bc6 12. f3 a5 13. b3 Nd7 14. Bf2 Nc5 15. Rab1 Be5 16. Rfd1 e6 17. Bf1 Qf6 18. Ne2 Qe7 19. Nd4 f5 20. exf5 gxf5 21. Re1 Rae8 22. Nxc6 bxc6 23. Bxc5 Qh4 24. Rxe5 dxe5 25. Bxf8 Rxf8 26. Qd6 Qf6 27. Re1 e4 28. Qxc6 Qd4+ 29. Kh1 Qf2 30. Qxe6+ Rf7 31. Rd1 exf3 32. Rd8+ Kg7 33. Qe5+ Rf6 34. Qg3+ Qxg3 35. hxg3 f2 36. Rd2 Rh6# 0-1